Captain America Villains A-Z by Picture - Statistics

General Stats
  • This quiz has been taken 50 times
  • The average score is 8 of 23
Answer Stats
Picture Answer % Correct
Red Skull
98%
Crossbones
88%
Arnim Zola
85%
Taskmaster
83%
Baron Zemo
80%
Viper
63%
Jack O'Lantern
60%
Diamondback
40%
King Cobra
40%
Flag-Smasher
33%
Eel
25%
Puff Adder
25%
Hate-Monger
23%
Master Man
18%
Scorpio
18%
Nightshade
15%
Warrior Woman
10%
U-Man
8%
Zaran
8%
Gamecock
5%
Iron Cross
5%
Left-Winger
5%
Overrider
3%
No matching quizzes found
Score Distribution
Percent of People with Each Score
Percentile by Number Answered
Your Score History
You have not taken this quiz